00906nam a2200229 a 4500001001000000003000500010005001700015008004100032010001100073011001100084040000900095100003900104245012700143260004100270500006000311502011600371650003500487650003700522650003500559650001200594856007000606000111355CHAP20250926062752.0150330s2015 mx sm |||||||spa d a107817 a108789 cCHAP1 aSoriano Martínez, Yessica Isabel10aRendimiento de nueve genotipos de zacate en san Fernando, Tamaulipash[En línea]cpor Yessica Isabel Soriano Martínez. aChapingo, Méx. :bEl autor,c2015. aPara ver el contenido del material haga clic en la liga aTesis (Ing. Agr. Esp. enZootecnia)-- UACH. Departamento de Enseñanza, Investigación y Servicio en Zootecnia14aPastos forrajerosxGenética.17aPastos forrajerosxRendimiento214aPastos forrajerosxVariedades.14aZacate. aFinding aiduhttp://10.13.5.2/tesis/sist111355.pdfzTeclea aquí